Emotions in language teaching

Úloha emócií pri výučbe v oblasti vysokoškolského vzdelávania jazykov. Motivácia, uvedomenie si samého seba. Riadenie emócií. Riadenie interpersonálnych vzťahov. Empatia.

Na minha lista:
Detalhes bibliográficos
Autor principal: Sztuková, Mária
Formato: Capítulo de Livro
Idioma:inglês
Assuntos:
Tags: Adicionar Tag
Sem tags, seja o primeiro a adicionar uma tag!

MARC

LEADER 00000nla$a2200000$$$4500
001 0135714
005 20240502072524.4
041 0 |a eng 
044 |a SK 
245 1 0 |a Emotions in language teaching  |c Mária Sztuková 
520 |a Úloha emócií pri výučbe v oblasti vysokoškolského vzdelávania jazykov. Motivácia, uvedomenie si samého seba. Riadenie emócií. Riadenie interpersonálnych vzťahov. Empatia. 
610 2 0 |a jazyky cudzie 
610 2 0 |a vzdelávanie vysokoškolské 
610 2 0 |a emócie 
610 2 0 |a empatia 
610 2 0 |a vzťahy medziľudské 
100 1 |a Sztuková, Mária